000 00365nam a2200145Ia 4500
008 230711s9999||||xx |||||||||||||| ||und||
041 _aENG
082 _a4
_bSA-U
100 _aSams,Prata Stephen
245 0 _aAdvanced UNIX
250 _a1st
260 _c1986
_aNew Delhi
_bUBS Publishers and Distributors Pvt.Ltd.
650 _aComputer Engineering
942 _cBK
999 _c1445
_d1445